LIBRARY & INFORMATION CENTRE, KCAET, TAVANUR

ONLINE PUBLIC ACCESS CATALOGUE (OPAC)

Specifiation for Plate Type Seed Meetering Mechanism IS:6817 (Record no. 19142)

MARC details
000 -LEADER
fixed length control field 00320nam a22001217a 4500
003 - CONTROL NUMBER IDENTIFIER
control field OSt
008 - FIXED-LENGTH DATA ELEMENTS--GENERAL INFORMATION
fixed length control field 250127b |||||||| |||| 00| 0 eng d
041 ## - LANGUAGE CODE
Language code of text/sound track or separate title eng
100 ## - MAIN ENTRY--AUTHOR NAME
Personal name ISI
245 ## - TITLE STATEMENT
Title Specifiation for Plate Type Seed Meetering Mechanism IS:6817
260 ## - PUBLICATION, DISTRIBUTION, ETC. (IMPRINT)
Name of publisher Indian Standard Institutions,
Year of publication 1973.
942 ## - ADDED ENTRY ELEMENTS (KOHA)
Koha item type Books
Holdings
Withdrawn status Lost status Damaged status Home library Current library Date acquired Source of acquisition Cost, normal purchase price Accession Number Koha item type
      KAUAET KAUAET 27/01/2025 Bureau of Indian Standard 15.00 16594 Books
free website counter